| 000 | 00649nam a2200241Ia 4500 | ||
|---|---|---|---|
| 003 | OSt | ||
| 005 | 20220924123833.0 | ||
| 006 | a|||||r|||| 00| 0 | ||
| 007 | ta | ||
| 008 | 220923b |||||||| |||| 00| 0 urd d | ||
| 020 | _c4.00 | ||
| 024 | _a310553 | ||
| 037 | _cTextual | ||
| 040 |
_aARTS _cARTS _burd |
||
| 041 |
_2urd _aurd |
||
| 082 | _aO168:gxN17, N3 | ||
| 100 |
_aKhaleeq Anjum _9170236 |
||
| 245 | 0 | _aProfessor Khwaja Ahmad Farooqi | |
| 260 |
_aNew Delhi _b Mahnama kitabnama India _c1993 |
||
| 650 | _aURDU LITERATURE | ||
| 942 |
_hO168:gxN17, N3 _cTEXL _2CC |
||
| 999 |
_c417323 _d417323 |
||